Biblioteca práctica de administración de la pequeña y mediana empresa (Registro nro. 12693)

Detalles MARC
000 -CABECERA
campo de control de longitud fija 01286nam a22002417a 4500
003 - IDENTIFICADOR DEL NÚMERO DE CONTROL
campo de control DO-SdBPM
005 - FECHA Y HORA DE LA ÚLTIMA TRANSACCIÓN
campo de control 20251125072809.0
007 - CAMPO FIJO DE DESCRIPCIÓN FÍSICA--INFORMACIÓN GENERAL
campo de control de longitud fija ta
008 - DATOS DE LONGITUD FIJA--INFORMACIÓN GENERAL
campo de control de longitud fija 171025b1993 sp ||| 00| 0 spa d
020 ## - NÚMERO INTERNACIONAL ESTÁNDAR DEL LIBRO
Número Internacional Estándar del Libro 8477643512
040 ## - FUENTE DE LA CATALOGACIÓN
Centro catalogador/agencia de origen DO-SdBPM
Lengua de catalogación spa
Centro/agencia transcriptor BPMSU
Normas de descripción rda
082 #4 - NÚMERO DE LA CLASIFICACIÓN DECIMAL DEWEY
Número de clasificación 658
Número de documento/Ítem B582p 1993
Número de edición 22
245 ## - MENCIÓN DE TÍTULO
Título Biblioteca práctica de administración de la pequeña y mediana empresa
260 ## - PUBLICACIÓN, DISTRIBUCIÓN, ETC.
Fecha de publicación, distribución, etc. 1993.
264 ## - PRODUCCIÓN, PUBLICACIÓN, DISTRIBUCIÓN, FABRICACIÓN Y COPYRIGHT
Producción, publicación, distribución, fabricación y copyright Barcelona :
Nombre del de productor, editor, distribuidor, fabricante Océano ;
Fecha de producción, publicación, distribución, fabricación o copyright 1983
300 ## - DESCRIPCIÓN FÍSICA
Extensión volumenes:
Otras características físicas ilustraciones ;
Dimensiones 26 cm.
505 0# - NOTA DE CONTENIDO CON FORMATO
Nota de contenido con formato v.1 Estudios de mercado ; Política de distribución. Personal comercial ; Política de promoción. -- v.2 Necesidad de una dirección correcta en la pequeña y mediana empresa ; Dos temas básicos en la pequeña y mediana empresa: forma jurídica y ubicación ; Problemática fiscal y seguro -- v.3 Importancia del elemento humano: formación y dirección de personal ; Comunicación entre los diversos niveles de gestión ; Asesoramiento externo. -- v.4 Registros y función contable ; Medios de financiación ; Formación de precios. <br/>650 #7$aAdministración de empresas. $2BLAAUTO
590 ## - NOTA LOCAL (RLIN)
Nota local Inventariado, 2025/VM
650 #7 - PUNTO DE ACCESO ADICIONAL DE MATERIA--TÉRMINO DE MATERIA
Término de materia o nombre geográfico como elemento de entrada Administración de microempresas.
710 2# - PUNTO DE ACCESO ADICIONAL--NOMBRE DE ENTIDAD CORPORATIVA
Nombre de entidad corporativa o nombre de jurisdicción como elemento de entrada Grupo Editorial Oceano
910 ## - DATOS DE OPCIÓN DEL USUARIO (OCLC)
Datos de opción del usuario VMateo V. Control de calidad. BPMSU
942 ## - ELEMENTOS DE PUNTO DE ACCESO ADICIONAL (KOHA)
Fuente del sistema de clasificación o colocación Dewey Decimal Classification
Tipo de ítem Koha Libros
Existencias
Estado de retiro Estado de pérdida Fuente del sistema de clasificación o colocación No para préstamo Código de colección Localización permanente Ubicación/localización actual Fecha de adquisición Fuente de adquisición Total de préstamos Signatura topográfica completa Código de barras Fecha visto por última vez Número de copia Precio válido a partir de Tipo de ítem Koha
    Dewey Decimal Classification   Colección General Biblioteca Pública Metropolitana Salomé Ureña Biblioteca Pública Metropolitana Salomé Ureña 10/25/2017 FUNDI   BPMSU CG 658 B582p 1993 BPMSU17100149 10/25/2017 v.2 10/25/2017 Libros